000 00334nam a22001217a 4500
040 _cHS
082 _a428
100 _aវន មុនិន្ធ
245 _aEnglish (4 year ) : ភាសាអង់គ្លេស (ឆ្នាំទី៤)
260 _aRUA
_bវន មុនិន្ធ
_c2008
300 _a9p;
942 _cKB
999 _c10122
_d10122